Advances in Information and Computer Security and Its Application. ISA 2009 : 3rd International Conference. Seoul, Korea, 25.- 27. June 2009 /

Salvato in:
Dettagli Bibliografici
Altri autori: Park, Jong Hyuk (Redattore), Zhan, Justin (Redattore)
Natura: Libro
Lingua:inglese
Pubblicazione: Berlin : Springer Verlag London, 2009
Soggetti:
Tags: Aggiungi Tag
Nessun Tag, puoi essere il primo ad aggiungerne!!

MARC

LEADER 00000nam a22000003a 4500
001 stu209858
005 20190206105148.9
008 100819s1989----gw------------------eng-d
020 |a 978-3-642-02632-4 
040 |a STU  |b slo 
041 0 |a eng 
044 |a gw 
080 |a 004.056.53 
080 |a 519.72 
080 |a 061.3(08) 
100 1 |a Park, Jong Hyuk  |4 edt 
245 1 |a Advances in Information and Computer Security and Its Application. ISA 2009 :  |b 3rd International Conference. Seoul, Korea, 25.- 27. June 2009 /  |c Ed.: Park, J.H. et a. 
260 |a Berlin :  |b Springer Verlag London,  |c 2009 
300 |a 126 s 
650 7 |a bezpečnosť počítačových systémov  |2 stusub 
700 1 |a Zhan, Justin  |4 edt 
996 |b 284EK88402  |c E*88402  |l EE22  |s P  |a 0  |w stu209858_0001